Lụa

Nước Pháp, 1861. Khi một dịch bệnh đe dọa xoá sách việc buôn bán lụa ở Pháp Quốc, Herre Joncour, một chàng trai nuôi tằm trẻ tuổi, đã phải vượt qua những châu lục xa xôi để đến Nhật Bản, vốn bế quan tỏa cảng đối với những kẻ ngoại quốc,...

全面介绍

Đã lưu trong:
书目详细资料
主要作者: Baricco, Alessandro
格式: 图书
语言:Undetermined
出版: Hà Nội Văn học 2007
主题:
标签: 添加标签
没有标签, 成为第一个标记此记录!
Thư viện lưu trữ: Trung tâm Học liệu Trường Đại học Cần Thơ
LEADER 01952nam a2200229Ia 4500
001 CTU_132470
008 210402s9999 xx 000 0 und d
020 |c 26000 
082 |a 853 
082 |b B252 
100 |a Baricco, Alessandro 
245 0 |a Lụa 
245 0 |c Alessandro Baricco ; Tố Châu (dịch) 
260 |a Hà Nội 
260 |b Văn học 
260 |c 2007 
520 |a Nước Pháp, 1861. Khi một dịch bệnh đe dọa xoá sách việc buôn bán lụa ở Pháp Quốc, Herre Joncour, một chàng trai nuôi tằm trẻ tuổi, đã phải vượt qua những châu lục xa xôi để đến Nhật Bản, vốn bế quan tỏa cảng đối với những kẻ ngoại quốc, để mua cho được giống tàm khoẻ mạnh. Trong những cuộc điều đình bí mật với ông trùm địa phương. Joncour đã bị hớp hồn bởi người thiếp của ông ta, một thiếu phụ có đôi mắt không chút nào phương Đông. Cho dù họ không thể trao đổi với nhau bất kỳ điều gì kể cả một hai lời nói, tình yêu đã bừng nở giữa họ, một mối tình được chuyên chở bằng những thông điệp khó hiểu. Mối tình bí mật của họ phát triển ra sao được kể trong chuyện tình sâu sắc này. "Lụa" tác phẩm trứ danh của Alessandro Baricco, nhà văn Ý đương đại nỗi tiếng, là tác phẩm bestseller trên toàn châu Âu. "Lụa" đã được chuyển sang trên 30 thứ tiếng. 
650 |a Italian fiction,Tiểu thuyết Italia 
650 |y 20th century 
650 |z Thế kỷ 20 
904 |i Quang Hiếu 
980 |a Trung tâm Học liệu Trường Đại học Cần Thơ